[Event "Pula zt 1.2"]
[Site "Pula"]
[Date "2000.04.18"]
[Round "7"]
[White "Mitkov, Nikola"]
[Black "Lutz, Christopher"]
[Result "1/2-1/2"]
[WhiteElo "2547"]
[BlackElo "2587"]
[Annotator "Rogozenco,D"]
[PlyCount "89"]
[EventDate "2000.04.11"]
[EventType "swiss"]
[EventRounds "11"]
[EventCountry "CRO"]
[SourceTitle "CBM 077"]
[Source "ChessBase"]
[SourceDate "2000.07.27"]
[SourceVersion "1"]
[SourceVersionDate "2000.07.27"]
[SourceQuality "1"]

1. e4 c5 2. Nc3 Nc6 3. Nge2 g6 4. d4 cxd4 5. Nxd4 Bg7 6. Be3 Nf6 7. Bc4 O-O 8.
Bb3 d6 9. h3 {A positional line, in which White's main idea is to play in the
center. The position is balanced, with chances for both sides.} Na5 10. O-O b6
11. Qd3 (11. Re1 Nxb3 12. axb3 Bb7 13. Bg5 a6 14. Nd5 e6 15. Nxf6+ Bxf6 16.
Bxf6 Qxf6 17. c3 e5 18. Nf3 b5 19. Qe2 Qe6 $11 {1-0 DeFirmian,N-Rogozenko,D/
Germany (42)}) 11... Nxb3 (11... Bb7 12. Bg5 Nxb3 13. axb3 a6 14. Rfe1 h6 15.
Bd2 $6 (15. Bh4) 15... b5 16. f4 e6 $15 {0-1 Polgar,J-Topalov,V/Novgorod 1996 
(35)}) 12. axb3 Bb7 13. Rfe1 Re8 (13... a6 14. Rad1 b5 15. Bg5 Re8 16. Nd5 Nxd5
17. exd5 Bxd5 18. Nf5 gxf5 19. Qxd5 Be5 20. f4 Qb6+ 21. Kh2 e6 $17 {0-1 Van
Mil,J-Van der Sterren,P/Hilversum 1984 (38)}) 14. Nf3 (14. Bg5 {is a more
typical move here.}) 14... Qc7 15. Nd2 {The Knight goes to c4, but Black
didn't play a6 and without it this maneuver makes less sense, as b6-square is
not weakened.} Qc6 16. b4 d5 $5 (16... a6 17. f3 (17. Nc4 Nxe4 18. Nxe4 Qxe4
19. Qxe4 Bxe4 20. Nxb6 Bxb2) 17... Rac8 $11) 17. b5 {[%csl Ra7]} Qd6 18. exd5
Nxd5 19. Nxd5 Qxd5 20. Qxd5 Bxd5 21. c3 Be6 {White exerts pressure on the
a-file, but his pawn on b5 is weak as well. The position is equal.} 22. Ra3 Bd7
23. Rea1 Bxb5 24. Rxa7 Rab8 (24... Rxa7 $2 25. Rxa7 $16 {[%csl Rb6]}) 25. Rc7
Be5 26. Rca7 Bd3 27. Nf3 Bd6 28. Nd4 e5 29. Nf3 Bc4 30. Rd1 {Black would be
better with his Bishop pair, but white Rooks are too active. That's why
neither side is able to achieve something.} Bf8 31. Rdd7 h6 32. Nd2 Be6 33.
Rdb7 b5 34. Ne4 Kg7 35. Rxb8 Rxb8 36. Bc5 Rd8 37. Bxf8+ Kxf8 38. Nc5 Rd1+ 39.
Kh2 Rd2 40. Nxe6+ fxe6 41. b4 Rxf2 42. Rb7 Rc2 43. Rxb5 Rxc3 44. Rxe5 Ke7 45.
Rb5 1/2-1/2

[Event "Alushta Autumn 1st"]
[Site "Alushta"]
[Date "2004.09.05"]
[Round "12"]
[White "Annageldyev, Orazly"]
[Black "Vokarev, Sergey"]
[Result "1-0"]
[WhiteElo "2458"]
[BlackElo "2529"]
[Annotator "Rogozenco,D"]
[PlyCount "85"]
[EventDate "2004.08.28"]
[EventType "tourn"]
[EventRounds "15"]
[EventCountry "UKR"]
[EventCategory "9"]
[SourceTitle "CBM 103"]
[Source "ChessBase"]
[SourceDate "2004.11.11"]
[SourceVersion "1"]
[SourceVersionDate "2004.11.11"]
[SourceQuality "1"]

1. e4 c5 2. Nf3 g6 3. d4 cxd4 4. Nxd4 Nc6 5. Nc3 Bg7 6. Be3 Nf6 7. Bc4 d6 8. h3
O-O 9. O-O (9. Bb3) 9... Bd7 ({The alternative} 9... Nxe4 {equalizes at once,
but offers very little chances to play for a win:} 10. Nxe4 d5 11. Nxc6 bxc6
12. Bd3 dxe4 13. Bxe4 Qc7 14. c3 $11) 10. Re1 a6 11. Bb3 Rc8 12. f4 b5 (12...
Qc7) (12... Qa5) 13. e5 $146 (13. a3 Nxd4 14. Bxd4 Bc6 15. Nd5 e6 16. Nxf6+
Bxf6 17. f5 exf5 18. exf5 Bxd4+ 19. Qxd4 Qg5 20. Re2 Qxf5 21. Qxd6 Rfd8 22. Qg3
Qc5+ 23. Kh1 Bd5 $11 {1/2-1/2 Inkiov,V-Pavlov,M/Baile Herculane 1982 (48)}) (
13. Nf3 $5 $13 {/+/=} Na5 $140 14. e5 $1 $36 {1-0 Semenova,I-Igla,B/Voronezh
1998 (37)}) 13... dxe5 14. Nxc6 Bxc6 15. fxe5 Qxd1 16. Raxd1 Ne4 17. Nd5 (17.
Nxe4 $142 Bxe4 18. c3 e6 (18... Rfd8 $2 19. Rxd8+ Rxd8 20. Bb6 Rb8 21. Bc5 $16)
(18... Bc6 19. e6 f5 20. Rd7 $1 $16) 19. Bb6 $14) 17... Bxd5 18. Bxd5 Nc5 $11
19. Bg5 Rc7 20. b3 $2 (20. c3 Na4 21. Re2 Nb6 22. Bb3 Nc4 $14 {/=}) 20... Ne6
21. Bh4 (21. Bxe6 fxe6 $15 {[%csl Re5][%cal Gf8f5]}) 21... Rxc2 22. Bxe7 Re8
23. Bd6 Rxa2 24. Ra1 (24. b4 $142 $44) 24... Rxa1 25. Rxa1 Nd4 $17 26. Rxa6
Bxe5 27. Kf2 Bxd6 28. Rxd6 Re2+ 29. Kf1 Re7 30. b4 Kg7 31. Ba8 Nc2 32. Bf3 Re1+
33. Kf2 {[%mdl 8192]} Rb1 $4 ({After} 33... Re5 {White loses the second pawn.}
34. Bd5 {The only chance to put some technical problems. Otherwise Black wins
easily.} Nxb4 35. Bb3 {[%csl Rb4]} h5 36. g4 (36. Rd7 Rf5+ 37. Ke3 Nc6 $19)
36... f6 (36... hxg4 37. hxg4 f6 $17) 37. Kf3 Rc5 {[%cal Gb4c6,Yc5c3] must be
relatively easy win for Black.}) 34. Be4 {Suddenly Black loses the knight.}
Rxb4 (34... Rc1 35. Rc6 $18) (34... Rb2 35. Rd2 $18) 35. Bxc2 Rb2 36. Rd2 (36.
Rc6 $142 $1 b4 37. Kf3) 36... b4 37. Ke3 b3 $2 ({Black would have kept some
chances for a draw with} 37... Kf6 {For instance:} 38. Ba4 (38. Rf2+ Ke5) (38.
Kd3 Ke5 39. Re2+ Kd5 40. Re7 Kc5 $1 (40... b3 41. Bd1 {[%cal Gd1f3]} Kc5 42.
Bf3 $18)) 38... Rxd2 39. Kxd2 Ke5 {[%cal Ge5f4] and my feeling is that Black
can reach the draw here.} 40. Ke3 (40. g3 Ke4 41. Bc6+ Kd4) 40... g5) ({or even
} 37... f5 {was much better than the game.}) 38. Bd3 Rxd2 39. Kxd2 {Black has
no time to create any counterplay and he cannot exchange White's g-pawn.} Kf6
40. Bc4 b2 41. Kc2 g5 42. Kxb2 h5 43. Kc3 1-0

[Event "RUS-ch 54th"]
[Site "Elista"]
[Date "2001.04.30"]
[Round "1"]
[White "Pridorozhni, Aleksei"]
[Black "Khasin, Alexander"]
[Result "0-1"]
[WhiteElo "2352"]
[BlackElo "2542"]
[Annotator "Rogozenco,D"]
[PlyCount "43"]
[EventDate "2001.04.29"]
[EventType "swiss"]
[EventRounds "9"]
[EventCountry "RUS"]
[SourceTitle "CBM 083"]
[Source "ChessBase"]
[SourceDate "2001.07.05"]
[SourceVersion "1"]
[SourceVersionDate "2001.07.05"]
[SourceQuality "1"]

1. e4 c5 2. Nf3 d6 3. d4 cxd4 4. Nxd4 Nf6 5. Nc3 Nc6 6. Be2 g6 7. Be3 Bg7 8.
Nb3 O-O 9. Qd2 (9. f4) 9... a5 10. O-O (10. a4 Be6 $11 (10... Nb4 $5)) 10... a4
11. Nd4 Qa5 12. Rad1 (12. Rfd1 Ng4 (12... a3 13. bxa3 Qxa3 14. Rab1 $11) 13.
Bxg4 Bxg4 14. f3 Bd7 $11) 12... a3 13. b4 $2 {Strange idea (especially after
12.Rad1), which doesn't work tactically as well.} (13. bxa3 Qxa3 (13... Ng4 14.
Nd5 $1 (14. Bxg4 Bxg4 15. f3 Be6 $132) 14... Qxd2 (14... Nxe3 15. Qxa5 Rxa5 16.
Nxc6 bxc6 17. Nxe7+ Kh8 18. fxe3 Rxa3 19. Rxd6 $16) 15. Rxd2 Nxe3 16. fxe3 {
is better for White.}) 14. Rb1 Qa5 $13) (13. b3 Bd7 $13) 13... Qxb4 (13... Nxb4
14. Nb3 Qd8 (14... Qc7 15. Nb5 Qxc2 16. Qxb4 Qxe2 17. Nc7 Rb8 18. Rd2 Qh5 19.
Ba7 Bd7 20. Bxb8 Rxb8 $13) 15. e5 Ne8 16. Nb5 $44) 14. Rb1 $2 Nxe4 $1 ({
there was nothing wrong with} 14... Qa5 {but the game move just wins
immediately.}) 15. Rxb4 (15. Nxe4 Qxd2 16. Nxd2 Nxd4 $19) 15... Nxd2 16. Nxc6
Nxf1 17. Nxe7+ Kh8 18. Bd4 (18. Kxf1 Bxc3 $19) 18... Nd2 $19 19. Ncd5 Be6 20.
Be3 Rfe8 21. Bd3 Rxe7 22. Nxe7 (22. Nxe7 Bxa2 23. Bxd2 Be6 {and no way to stop
the a-pawn.}) 0-1

[Event "Dortmund SuperGM 31st"]
[Site "Dortmund"]
[Date "2003.08.10"]
[Round "10"]
[White "Naiditsch, Arkadij"]
[Black "Leko, Peter"]
[Result "1/2-1/2"]
[WhiteElo "2574"]
[BlackElo "2739"]
[Annotator "Rogozenco,D"]
[PlyCount "48"]
[EventDate "2003.07.31"]
[EventType "tourn"]
[EventRounds "10"]
[EventCountry "GER"]
[EventCategory "18"]
[SourceTitle "CBM 097"]
[Source "ChessBase"]
[SourceDate "2003.11.11"]
[SourceVersion "1"]
[SourceVersionDate "2003.11.11"]
[SourceQuality "1"]

1. e4 c5 2. Nf3 Nc6 3. Nc3 {Avoiding Sveshnikov Sicilian.} g6 {Leko is ready
for Dragon. This must have been a surprise for his opponent, since Leko didn't
use to play Dragon before. He did it only few times in the past, usually by
transpositions and not by playing the classical move order of Dragon.} (3...
Nf6 {Earlier this year Leko preferred to insist on playing Sveshnikov SIcilian,
but with his move order White can avoid it, entering systems with Bb5:} 4. Bb5
Qc7 5. O-O Nd4 6. Nxd4 cxd4 7. Nd5 Nxd5 8. exd5 Qc5 9. c4 dxc3 10. Qb3 a6 11.
Be2 c2 12. d4 Qd6 13. Bf3 g6 14. Bd2 Qf6 15. d6 Qxd6 16. Rfe1 a5 17. Qxc2 $44 {
1-0 Anand,V-Leko,P/Linares 2003 (72)}) 4. d4 cxd4 5. Nxd4 Bg7 6. Be3 Nf6 7. Bc4
O-O 8. Bb3 d6 9. h3 Na5 10. O-O {White has a clear strategical plan in this
quiet system - he intends to play at some moment Nd5, force Black to take on
d5 (by attacking the knight f6 with Bg5), then take back with the pawn (e4xd5)
and create pressure on the e-file. If we'd compare White's set-up with the
Yugoslav Attack of the Dragon, then another advantage here is obvious - White
can hardly be mated, so this is a safer system. But the same is valid for
Black - he won't get mated on the h-file here...} b6 11. Re1 (11. f3 {This
looks weird considering that White already played h3, but it shows that White
afford to such moves as well - his position is very solid indeed.} Bb7 12. Rf2
Qc8 13. Qf1 Ba6 14. Qe1 Nc4 15. Bxc4 Qxc4 16. b3 Qc8 17. Nd5 Nxd5 18. exd5 e5
19. dxe6 fxe6 20. c4 d5 21. cxd5 exd5 $14 {/= 1/2-1/2 Hector,J-Rogozenko,D/
Hamburg 2003 (43)}) 11... Bb7 12. Bg5 Nxb3 13. axb3 h6 14. Bh4 Qd7 $1 {No
wonder that Leko knows the theory very well, even if it is not his favourite
Sveshnikov Sicilian. This last move played by Kasparov in Linares fights
against White's idea Nd5 and equalizes completely the position.} 15. f3 $146 (
15. Qd2 Nh5 16. f3 e5 17. Nde2 f5 $36 {1/2-1/2 Anand,V-Kasparov,G/Linares 2003
(32)}) (15. Nd5 $2 Nxd5 16. exd5 g5 17. Bg3 Bxd5 {[%csl Gf5] and White has no
Nf5 because black queen controls it.}) 15... Rfd8 ({Kasparov's plan looks
perfect here too:} 15... Nh5 {and if} 16. Nd5 {then} e6) 16. Qd2 e5 17. Bxf6 (
17. Ndb5 a6 18. Na3 g5 $1 19. Bf2 b5 $15) (17. Nde2 g5 18. Bf2 (18. Bg3 d5 19.
Bxe5 dxe4 20. Qxd7 Rxd7 21. Bxf6 Bxf6 22. fxe4 Rd2 $44) 18... d5 $36) 17...
Bxf6 18. Ndb5 (18. Nde2 $11) 18... Bg5 19. Qd3 a6 20. Na3 b5 {[%csl Ra3] There
are visible similarities with the pawn structure of Sveshnikov Sicilian.} (
20... d5 21. exd5 Bxd5 22. Qxd5 Qxd5 23. Nxd5 Rxd5 24. Nc4 $14) 21. Nd5 {
Without knowing the opening moves it's not an easy task to guess correctly
what variation was played. Knowing that Leko is Black, one would probably
guess that it was Sveshnikov Sicilian, but in that case one would be very
puzzled to figure out how White got his doubled pawns on the queenside...} Bxd5
$5 22. Qxd5 Bf4 (22... Qa7+ $5 23. Kh1 $140 Qf2 {[%cal Gf2g3,Yg5f4]}) 23. Re2
Rac8 24. b4 Qa7+ (24... Qa7+ 25. Kh1 Qd4 $11) 1/2-1/2

[Event "USA-ch"]
[Site "Seattle"]
[Date "2002.01.08"]
[Round "4"]
[White "De Firmian, Nick E"]
[Black "Perelshteyn, Eugene"]
[Result "1-0"]
[WhiteElo "2536"]
[BlackElo "2451"]
[Annotator "Rogozenco,D"]
[PlyCount "81"]
[EventDate "2002.01.05"]
[EventType "swiss"]
[EventRounds "9"]
[EventCountry "USA"]
[SourceTitle "CBM 087"]
[Source "ChessBase"]
[SourceDate "2002.03.21"]
[SourceVersion "1"]
[SourceVersionDate "2002.03.21"]
[SourceQuality "1"]

1. e4 c5 2. Nf3 Nc6 3. Nc3 g6 4. d4 cxd4 5. Nxd4 Bg7 6. Be3 Nf6 7. Bc4 O-O 8.
Bb3 d6 9. h3 Nxd4 10. Bxd4 b5 11. Qd3 Bb7 $2 {An unisnspired pawn sac. In fact
Black does not have compensation at all and it is most probably that Black
simply missed 13.Bxe5!.} (11... a6 12. O-O (12. a4 $5) 12... Bb7 13. Rad1 Rc8 {
seems a reasonable option for Black.} 14. Rfe1 Nd7 15. Bxg7 Kxg7 16. Nd5 $11 {
1-0 Paoli,E-Bonfa,I/Castelvecchio Pascoli 1974 (44)}) (11... Bd7 12. O-O b4 13.
Nd5 Nxd5 14. Bxd5 Rc8 15. Bxg7 Kxg7 16. Qd4+ Kg8 17. Qxa7 (17. Rfc1 a5 18. a3
e6 19. Bc4 Qc7 20. b3 bxa3 21. Rd1 Bc6 22. Rxa3 Bxe4 23. Qxd6 $4 (23. Qxe4 d5
$11) 23... Rfd8 {0-1 Martinovic,S-Kupreichik,V/Ybbs 1968}) 17... Rxc2 $11 {
1/2-1/2 Kavalek,L-Sosonko,G/Haifa 1976 (72)}) (11... Qa5 12. O-O Bb7 13. Nd5
Nxd5 14. exd5 Bxd4 15. Qxd4 Rac8 16. Rfe1 Rfe8 17. Re3 $14 {1-0 Golyak,
I-Skarke,H/Horowitz mem corr 1993 (27)}) (11... b4 12. Nd5 Nxd5 $5 13. Bxd5 Ba6
$1 14. Qxa6 Bxd4 15. O-O-O Bxf2 16. Bxa8 Qxa8 17. Qd3 {and Black has some
compensation for the exchange, but White's chances are preferable.}) 12. Qxb5
e5 (12... Qc7 13. Qd3 $16) (12... Nxe4 $2 13. Bxg7 Kxg7 14. Qxb7 $18) 13. Bxe5
$1 ({worse is} 13. Qxb7 exd4 14. Nd5 Qa5+ 15. Qb4 Qxb4+ 16. Nxb4 Nxe4 17. O-O
Nc5 {and Black is back in business.}) 13... Rb8 14. Bxf6 Bxf6 15. Qd3 {An
extra pawn and a solid structure insures White big advantage.} Bxc3+ 16. Qxc3
Qg5 17. Qg3 Qxg3 18. fxg3 Bxe4 19. O-O-O Rb6 20. Bd5 $18 {Technical play. Rook
endgame is lost for Black.} Bxd5 21. Rxd5 Re8 22. Rhd1 Re6 23. g4 h6 24. b3 Kf8
25. R1d3 Rc6 26. Kd2 a6 27. c4 Ke7 28. Re3 Kd7 29. Kd3 Rc8 30. Ra5 Rc6 31. Kd4
Rb6 32. h4 Ke7 33. h5 g5 34. Rf5 Rb8 35. g3 Rb7 36. Re4 Rb4 37. Kd5 Rxe4 38.
Kxe4 Ke6 39. Kd4 Rb6 40. Kc3 Rb7 41. Ra5 1-0

[Event "Czerniak Memorial 13th"]
[Site "Tel Aviv"]
[Date "1997.??.??"]
[Round "9"]
[White "Gofshtein, Leonid D"]
[Black "Summerscale, Aaron"]
[Result "1-0"]
[WhiteElo "2530"]
[BlackElo "2500"]
[Annotator "Schulz,Andre"]
[PlyCount "73"]
[EventDate "1997.04.04"]
[EventType "tourn"]
[EventRounds "11"]
[EventCountry "ISR"]
[EventCategory "10"]
[SourceTitle "CBM 059"]
[Source "ChessBase"]
[SourceDate "1997.08.01"]
[SourceVersion "1"]
[SourceVersionDate "1997.08.01"]
[SourceQuality "1"]

1. e4 c5 2. Nf3 d6 3. d4 cxd4 4. Nxd4 Nf6 5. Nc3 g6 6. Be3 Bg7 7. h3 O-O 8. Qd2
Nc6 (8... a6 9. g4 b5 10. Bg2 Bb7 11. O-O Nbd7 (11... Qc7) 12. e5 dxe5 13. Ne6
fxe6 14. Bxb7 Rb8 15. Bg2 e4 16. Rad1 Ne5 17. Qxd8 Rbxd8 18. Nxe4 {1/2-1/2
Mokry,K-Georgiev,K/Warsaw zt-A 1987}) 9. O-O-O {Das ist die gleiche Stellung
wie in der Hauptvariante nach 9.0-0-0, nur hat Weiß statt f2-f3 den Zug h2-h3
gemacht.} Bd7 $6 {Hier bestimmt schlechter als in der "Normal"variante mit 7.
f3. Weiß kann später f2-f4 mit Tempo spielen.} (9... Nxd4 10. Bxd4 Be6 11. g4
Qa5 12. g5 Nh5 13. a3 $2 (13. Bxg7 $142 Nxg7 14. a3) 13... Bxd4 14. Qxd4 Qxg5+
$17 {0-1 Sahu,S-Ward,C/Isle of Man op 1996 (50)}) (9... d5 10. exd5 Nxd5 11.
Nxc6 bxc6 12. Bd4 e5 13. Bc5 Be6 14. Bc4 Nxc3 15. Qxc3 Qg5+ 16. Be3 (16. Kb1 e4
) 16... Qxg2 17. Bxe6 fxe6 18. Qc4 $14 {1-0 Thomas,I-Palkovi,J/Oakham YM 1986 
(45)}) (9... Be6) 10. g4 Rc8 11. Kb1 Ne5 12. f4 Nc4 13. Bxc4 Rxc4 14. e5 Ne8 (
14... dxe5 $4 15. fxe5 Ne8 16. Nf3 $18) 15. Qd3 Rc8 16. Qe4 $14 b6 17. Rhe1 e6
18. Bf2 Qe7 19. Qd3 dxe5 20. fxe5 Nc7 21. Nf3 Bc6 22. Bh4 Qc5 23. Nd2 {[%csl
Rf6]} Nd5 24. Nce4 Qa5 25. Nb3 Qa4 26. Qg3 Ba8 (26... Bb7 $2 27. Nd6 Nb4 28. a3
Nxc2 29. Re2 $18) 27. c3 $6 {[%cal Ya4d1]} (27. Nd6 $5) 27... Kh8 28. Nd4 $2 (
28. Rd4 $142 $14) 28... Nb4 $1 29. cxb4 Bxe4+ 30. Ka1 (30. Rxe4 $4 Qxd1#) 30...
Bd5 31. a3 Rc4 32. Be7 Rfc8 33. Qe3 Rc3 $2 {Das geht nicht.} (33... Qd7 $142)
34. bxc3 Qxa3+ 35. Kb1 Qa2+ $2 (35... Rxc3 $142 36. Qd2 Bc4 37. Qb2 Bd3+ 38.
Rxd3 Qxb2+ 39. Kxb2 Rxd3 40. Nc6 $16) 36. Kc1 Be4 37. Qxe4 (37. Qxe4 Rxc3+ 38.
Nc2 $18) 1-0

[Event "RUS-Cup01 Chigorin Memorial"]
[Site "St Petersburg"]
[Date "1997.11.01"]
[Round "1"]
[White "Malyshev, Igor"]
[Black "Shulman, Yuri"]
[Result "0-1"]
[WhiteElo "2300"]
[BlackElo "2510"]
[Annotator "Schulz,Andre"]
[PlyCount "82"]
[EventDate "1997.11.01"]
[EventType "swiss"]
[EventRounds "9"]
[EventCountry "RUS"]
[SourceTitle "CBM 062"]
[Source "ChessBase"]
[SourceDate "1998.01.31"]
[SourceVersion "1"]
[SourceVersionDate "1998.01.31"]
[SourceQuality "1"]

1. e4 c5 2. Nf3 d6 3. d4 cxd4 4. Nxd4 Nf6 5. Nc3 g6 6. Be3 Bg7 7. Qd2 Ng4 {
Nimmt den Fehdehandschuh auf.} ({Schwarz kann mit} 7... O-O {auch erstmal
abwarten und schauen, ob Weiß es damit ernst meint ohne f2-f3 auskommen zu
können.}) 8. Bg5 h6 9. Bh4 Nc6 10. Nb3 Be6 11. f4 O-O 12. h3 Nf6 13. O-O-O a5
14. Bf2 Nb4 15. Kb1 (15. Z0 $140 a4 16. Nd4 Nxa2+) 15... a4 16. Nd4 a3 {
Damit werden die schwarzen Felder um den weißen König sehr geschwächt.} 17. b3
Rc8 18. Bd3 (18. Nxe6 fxe6 19. Bc4 Rxc4 (19... Qd7 20. e5 $18) 20. bxc4 Qc7 $44
) 18... Bd7 (18... Nd7 $5) 19. e5 Nfd5 20. Nxd5 Nxd5 21. c4 Nxf4 22. Qxf4 dxe5
23. Qh4 Bf6 (23... exd4 24. Bxd4 {[%cal Yd1d8]}) 24. Qxh6 exd4 25. Bh4 (25.
Bxg6 fxg6 26. Qxg6+ Bg7 $19 {ergibt für Weiß gar nichts.}) 25... Bg7 (25... e5
26. Bxg6 fxg6 27. Qxg6+ Kh8 28. Qh6+ $11) 26. Qg5 b5 $1 {Die folgende Phase
spielt Schwarz einfach brilliant.} (26... Bf6 27. Qh6 Bg7 $11) 27. Qxe7 (27.
cxb5 Qc7 28. Rc1 Qb7 $17) 27... bxc4 28. Qxd8 Rfxd8 29. Bxd8 cxd3 $1 ({Nicht} 
29... Rxd8 30. Bxc4 $18) 30. Bg5 d2 31. Rxd2 (31. Rhf1 Bf5+ $140 32. Rxf5 gxf5
33. Bxd2) 31... Bf5+ 32. Ka1 Bc2 33. Rxc2 (33. Z0 $140 d3+ $19) (33. Rf1 {
nützt nichts.} d3+ 34. Bf6 Bh6 $19) 33... Rxc2 34. Bc1 Rxg2 35. Bxa3 f5 36. Kb1
f4 37. Bd6 f3 38. Rf1 d3 39. Bf4 Re2 40. Bg3 Rb2+ 41. Kc1 d2+ 0-1

[Event "EU-chT (Men) 11th"]
[Site "Pula"]
[Date "1997.05.??"]
[Round "7.3"]
[White "Glek, Igor Vladimirovich"]
[Black "Smirin, Ilia"]
[Result "1/2-1/2"]
[WhiteElo "2620"]
[BlackElo "2575"]
[Annotator "Schulz,Andre"]
[PlyCount "48"]
[EventDate "1997.05.05"]
[EventType "team-swiss"]
[EventRounds "9"]
[EventCountry "CRO"]
[SourceTitle "CBM 057 Extra"]
[Source "ChessBase"]
[SourceDate "1997.05.01"]
[SourceVersion "1"]
[SourceVersionDate "1997.05.01"]
[SourceQuality "1"]
[WhiteTeam "Russia"]
[BlackTeam "Israel"]
[WhiteTeamCountry "RUS"]
[BlackTeamCountry "ISR"]

1. e4 c5 2. Nf3 d6 3. d4 cxd4 4. Nxd4 Nf6 5. Nc3 Nc6 6. Be2 g6 7. Be3 Bg7 8.
Qd2 O-O 9. O-O-O Ng4 (9... Nxd4 10. Bxd4 Be6) 10. Bxg4 Bxg4 11. f3 Be6 12. Nxc6
(12. Kb1 Ne5 (12... Qa5 13. Nde2 Rfc8 14. Nd5 Bxd5 15. Qxd5 Qa6 16. Qd2 Bxb2
17. Kxb2 Ne5 18. Ka1 Nc4 19. Qd3 Nxe3 20. Qxe3 Rxc2 21. Nc1 Rac8 22. Qb3 R8c3
23. Qb1 Rxg2 24. Rd3 Qc4 25. Rhd1 Rgc2 {0-1 Knezevic,B-Kahn,E/Budapest FS04 IM
1995}) 13. Bh6 Nc4 14. Qc1 Nxb2 15. Kxb2 Bxd4 16. Rxd4 Qb6+ 17. Nb5 Qxb5+ 18.
Ka1 Rfc8 19. Qb2 Qxb2+ 20. Kxb2 Rc5 21. Bd2 Rac8 22. Rc1 Bc4 23. c3 R8c6 {
0-1 Hay,T-Barber,H/AUS-ch Melbourne 1991}) 12... bxc6 13. Bh6 Qa5 14. Bxg7 Kxg7
15. a3 Rab8 16. Ne2 Qe5 17. Qd4 f6 18. Rd2 Rb7 19. Qxe5 fxe5 20. Nc3 g5 21. h3
h5 22. Nd1 g4 23. hxg4 hxg4 24. Rd3 gxf3 1/2-1/2

[Event "DEN-ch"]
[Site "Taastrup"]
[Date "1998.04.12"]
[Round "9"]
[White "Hansen, Sune Berg"]
[Black "Holst, Allan"]
[Result "1-0"]
[WhiteElo "2480"]
[BlackElo "2365"]
[Annotator "Schulz,Andre"]
[PlyCount "77"]
[EventDate "1998.04.04"]
[EventType "tourn"]
[EventRounds "9"]
[EventCountry "DEN"]
[EventCategory "9"]
[SourceTitle "CBM 065"]
[Source "ChessBase"]
[SourceDate "1998.08.06"]
[SourceVersion "1"]
[SourceVersionDate "1998.08.06"]
[SourceQuality "1"]

{[%mdl 32768]} 1. e4 c5 2. Nf3 g6 3. d4 cxd4 4. Nxd4 Bg7 5. Nc3 Nc6 6. Be3 Nf6
7. Bc4 O-O 8. O-O d6 9. h3 Bd7 10. Bb3 a5 11. a4 Nxd4 $146 ({RR} 11... Rc8 12.
Qd2 Ne5 13. f3 Nc4 14. Bxc4 Rxc4 15. Ncb5 e5 16. Ne2 Bxb5 17. axb5 d5 {1/2-1/2
Marsalek,J-Ujtelky,M/Kosice 1961/MCD-ch (17)}) 12. Bxd4 Be6 $6 (12... Bc6 {
sieht natürlicher aus: e4 wird angegeriffen und b5 kontolliert. Mit Sd7 und
folgendem Sdc5 kann man sich um den Bb3 kümmern, wenn man möchte.}) 13. Bd5 Nd7
$5 {Schwarz opfert nun gewollt oder ungewollt eine Qualität.} ({Nach} 13...
Bxd5 14. exd5 Nd7 15. Bxg7 Kxg7 16. Qd4+ Kg8 {steht Weiß etwas besser, aber
die schwarzen Probleme mit e7 und am Königsflügel sind nicht so bedrückend.})
14. Bxg7 Kxg7 15. Bxb7 Rb8 16. Bd5 Rxb2 17. Nb5 Qb6 $6 ({Nach} 17... Bxd5 18.
Qd4+ (18. exd5 Ne5 19. Qc1 Rb4 20. c3 Rc4 21. Qe3 Rc5 $11) 18... Kg8 19. Qxb2
Bxe4 $11 {hätte Schwarz sich einen Bauern für die Qualität eingehandelt und
muß nicht unzufrieden sein.}) 18. Qc1 Rb4 19. c3 Rc4 20. Bxc4 Bxc4 {Jetzt gibt
Schwarz die Qualität ohne Bauerngewinn.} 21. Re1 Rc8 22. Qd2 f6 (22... Bxb5 23.
Rab1 Rc5 24. axb5 Rxb5 25. Qd4+ Qxd4 26. cxd4 $16) 23. Rab1 Nc5 24. Nd4 Qa7 25.
Qe3 Qd7 26. Ra1 Rb8 27. Red1 Qe8 28. f4 Nxa4 29. e5 Nb2 30. Rd2 Bg8 31. exf6+
Kxf6 32. Qg3 h6 33. Re2 Bc4 34. Re3 e6 35. Rxa5 Rb7 36. Qh4+ Kg7 37. f5 g5 38.
f6+ Kxf6 39. Qxh6+ 1-0